MARC

LEADER 00000nam0a2200000 4500
001 298711
005 20231102001130.0
020 |a RU  |b 84-62629 
035 |a (RuTPU)RU\TPU\book\323854 
090 |a 298711 
100 |a 20150620d1983 km y0rusy5003 ca 
101 0 |a rus 
102 |a RU 
105 |a a z 001zy 
200 1 |a Атомные электростанции на Крайнем Севере  |f А. П. Шадрин  |g Академия наук СССР (АН СССР), Сибирское отделение (СО), Институт физико-технических проблем Севера (ИФТПС) 
210 |a Якутск  |c Изд-во ЯФ СО АН СССР  |d 1983 
215 |a 122 с.  |c ил. 
320 |a Библиогр.: с. 113-120 
606 1 |a Атомные электрические станции  |2 stltpush  |3 (RuTPU)RU\TPU\subj\72348  |9 85907 
610 1 |a СССР 
610 1 |a Крайний Север 
610 1 |a теплоснабжение 
610 1 |a топливоснабжение 
610 1 |a тепловые установки 
610 1 |a технико-экономические показатели 
610 1 |a ядерные реакторы 
610 1 |a энергетика 
610 1 |a энергоснабжение 
675 |a 621.311.25:621.039  |z rus  |v 3 
700 1 |a Шадрин  |b А. П.  |g Аркадий Петрович 
712 0 2 |a Академия наук СССР (АН СССР)  |b Сибирское отделение (СО)  |b Институт физико-технических проблем Севера (ИФТПС)  |c (Якутск)  |2 stltpush  |3 (RuTPU)RU\TPU\col\13084 
801 0 |a RU  |b RuMRKP  |c 19950704  |g psbo 
801 1 |a RU  |b 63413507  |c 20150620 
801 2 |a RU  |b 63413507  |c 20180605  |g RCR 
942 |c BK